[Event "7th Uppsala Young Champions"]
[Site "Uppsala"]
[Date "2020.10.25"]
[Round "4.15"]
[White "Crevatin, Leo"]
[Black "Nilsson, Joakim"]
[Result "0-1"]
[WhiteElo "2181"]
[BlackElo "2224"]
[Annotator "TA"]
[PlyCount "84"]
[EventDate "2020.10.23"]
[EventType "swiss"]
[EventCountry "SWE"]
[SourceTitle "playchess.com"]
[Source "ChessBase"]
[SourceQuality "1"]

{[%evp 20,83,10,11,10,-2,23,0,43,39,35,-7,18,-15,20,0,0,0,0,0,0,0,0,0,0,0,0,-14,-8,0,-4,-18,0,-73,-68,-54,-35,-126,-122,-118,-118,-131,-138,-293,-219,-122,-378,-370,-364,-469,-468,-563,-344,-856,-852,-829,-838,-757,-750,-1252,-495,-29997,-29998,-29998,-29999,-29999]} 1. d4 d5 2. c4 e6 3. Nf3 Nf6 4. Bg5 Nbd7 5. e3 c6 6. Qc2 h6 7. Bh4 Be7 8. Nc3 O-O 9. Rd1 b6 10. Bd3 Bb7 11. O-O Rc8 {D61: Queen's Gambit Declined: Classical: 7 Qc2.} 12. a3 {[#]} a5 $146 ({Predecessor:} 12... c5 13. Ne5 cxd4 14. exd4 dxc4 15. Bxc4 Nd5 16. Bxd5 Bxd5 17. Bxe7 {½-½ (17) Cheparinov,I (2670)-Tkachiev,V (2661) Khanty-Mansiysk 2007}) 13. h3 Nh5 {The position is equal.} 14. Bxe7 Qxe7 15. Qe2 Nhf6 16. e4 dxe4 (16... dxc4 {looks sharper.} 17. Bb1 Rfd8 18. Qxc4 b5 19. Qd3 b4) 17. Nxe4 c5 18. Nxf6+ Qxf6 19. Be4 Bxe4 20. Qxe4 cxd4 21. Rxd4 Nc5 22. Qe3 Rfd8 23. Rfd1 a4 24. Ne5 Rxd4 25. Rxd4 Rd8 26. Rf4 (26. h4 $11 {keeps the balance.}) 26... Rd1+ $17 27. Kh2 {[#]} Re1 $1 {[%cal Re1e3][%mdl 512]} 28. Ng4 {White is on the road to losing.} (28. Rxf6 $15 Rxe3 29. fxe3 gxf6 30. Ng4) (28. Qxe1 Qxf4+) 28... Qg5 29. Qxe1 Qxf4+ {[%mdl 64] Double Attack} 30. g3 Qxc4 31. Qe5 $2 (31. Qd1 $17) 31... Qc2 32. Qb8+ $2 (32. Qd4) 32... Kh7 $19 {White must now prevent ...f5.} 33. Qe8 {[#]} Qf5 $1 {aiming for ...h5.} 34. Kg1 Ne4 35. Qd8 Ng5 36. Ne3 $2 (36. Kf1) 36... Nxh3+ {[%mdl 64] Double Attack} 37. Kg2 Qxf2+ {[%mdl 64] Double Attack} 38. Kxh3 Qxe3 39. Qe8 {[#]} Qe4 (39... Qf3 $142 $1 {( -> ...Qh1+)} 40. Kh2 Qb3) 40. Qd8 (40. Qxf7 $19 Qf5+ 41. Qxf5+ exf5 42. Kh2) 40... Qh1+ {Black mates.} 41. Kg4 f5+ 42. Kf4 Qe4# {Av CentiPawn Loss W=-88/B=-61. Weighted=-126/-51} 0-1

[Event "7th Uppsala Young Champions"]
[Site "Uppsala"]
[Date "2020.10.25"]
[Round "4.16"]
[White "Brozka, Karel"]
[Black "Ostlund, Joar"]
[Result "1-0"]
[WhiteElo "2216"]
[BlackElo "2106"]
[Annotator "TA"]
[PlyCount "89"]
[EventDate "2020.10.23"]
[EventType "swiss"]
[EventCountry "SWE"]
[SourceTitle "playchess.com"]
[Source "ChessBase"]
[SourceQuality "1"]

{[%evp 19,88,15,12,0,0,-1,16,14,8,0,0,0,37,38,39,33,28,-15,-17,-18,-17,-20,0,-18,-18,-15,-16,-26,-22,-22,-18,-19,-17,-34,0,-9,0,0,0,8,211,65,67,13,86,102,89,37,80,68,279,267,314,328,321,319,416,288,293,7,414,297,577,300,1119,1110,1416,1376,5987,5736,29999]} 1. d4 Nf6 2. c4 e6 3. Nc3 d5 4. Bg5 Be7 5. e3 h6 6. Bh4 O-O 7. Nf3 b6 8. cxd5 Nxd5 9. Bxe7 Qxe7 10. Nxd5 exd5 11. Ne5 {D59: Queen's Gambit Declined: Tartakower Defence: Main line (8 cxd5 Nxd5).} c5 12. Be2 {[#]} Bf5 $146 ({Predecessor:} 12... Be6 13. O-O Rc8 14. dxc5 bxc5 15. Bf3 Nd7 16. Nxd7 Qxd7 17. b3 a5 18. Qd2 a4 19. bxa4 Rxa4 20. Rfd1 d4 21. exd4 Rxd4 22. Qe3 Bxa2 23. Rxd4 cxd4 24. Qd2 Bb3 25. Bd1 Be6 26. Ra4 Rd8 27. Qa5 {0-1 (27) Kuenitz,K (1538)-Spitzl,P (1953) Eschborn 2013}) 13. Bf3 {The position is equal.} Rd8 14. O-O f6 15. Nd3 c4 16. Nf4 Be4 17. Bxe4 Qxe4 18. Qh5 Nc6 19. Rad1 Rd6 20. Rfe1 Qe8 21. Qg4 Qd7 22. Qf3 Rd8 23. Rd2 b5 24. h4 b4 25. h5 Rc8 26. Rc1 Ne7 27. Rdc2 Rdc6 28. e4 dxe4 29. Qxe4 {next d5 is good for White.} b3 $2 (29... c3 $11 {and Black is okay.} 30. bxc3 Rxc3) 30. Re2 ({Only move:} 30. axb3 $18 {Strongly threatening d5.} f5 31. Qe3) 30... bxa2 $14 31. Ra1 (31. Qxe7 $14 Qxe7 32. Rxe7) 31... c3 (31... Nf5 $11 {remains equal.}) 32. bxc3 $16 Rxc3 33. Raxa2 (33. Rexa2 $16 Rc1+ 34. Kh2) 33... Rc1+ {[#]} 34. Kh2 $1 Qf5 $2 (34... Nc6 $1 $14) 35. Rxa7 $18 Qxe4 36. Rxe4 Nc6 37. Rd7 Rd1 38. Ne6 Kh8 39. Rg4 $2 (39. Rxg7 $18 Rxd4 40. Nxd4 Kxg7 41. Nf5+ Kh7 42. f4) 39... Rg8 $2 {[%mdl 8192]} (39... Ne5 $1 $11 40. Rgxg7 Nxd7 41. Rxd7 Rc2) 40. f4 Rd3 $2 (40... Re1 41. d5 (41. Rdxg7 Rxg7 42. Nxg7 Nxd4 $16) 41... Nb4) 41. d5 Nb4 $2 (41... Nb8 42. Rd6 (42. Rdxg7 Rxg7 43. Rxg7 Rxd5 $18) 42... Rb3) 42. d6 Nc6 43. Rg6 Rd5 44. Nxg7 {[%cal Rg6h6] [#]} Nb8 45. Rxh6# {Av CentiPawn Loss W=37/B=-135. Weighted=-36/-179} 1-0

[Event "7th Uppsala Young Champions"]
[Site "Uppsala"]
[Date "2020.10.25"]
[Round "4.17"]
[White "Muntean, Victor"]
[Black "Rasti, Arvin"]
[Result "0-1"]
[WhiteElo "1968"]
[BlackElo "2201"]
[Annotator "TA"]
[PlyCount "70"]
[EventDate "2020.10.23"]
[EventType "swiss"]
[EventCountry "SWE"]
[SourceTitle "playchess.com"]
[Source "ChessBase"]
[SourceQuality "1"]

{[%evp 9,70,46,70,13,13,-3,27,27,27,18,19,4,15,8,10,0,4,0,0,-2,35,-8,-22,-68,-60,-64,-68,-58,-69,-73,-66,-68,-51,-71,-87,-102,-59,-90,-97,-89,-87,-175,-164,-358,-367,-402,-396,-363,-359,-450,-425,-484,-472,-762,-685,-1665,-1643,-2475,-2280,-1477,-2112,-1435,-1193]} 1. e4 d6 2. d4 Nf6 3. Nc3 e5 4. dxe5 dxe5 5. Qxd8+ Kxd8 6. f4 {B07: Pirc Defence: Miscellaneous Systems.} (6. Nf3 $14) 6... Bb4 $11 7. Bd2 Bxc3 8. Bxc3 {White has an edge.} Nxe4 9. Bxe5 f6 10. Bd4 Nc6 {[#]} 11. Be3 $146 ({Predecessor:} 11. O-O-O Bd7 12. Bd3 Re8 13. Be3 Nb4 14. a3 Na2+ 15. Kb1 Nec3+ 16. bxc3 Nxc3+ 17. Kc1 Nxd1 {0-1 (39) Sargin,A (2054)-Kaiser,H (1940) Buechenbach 2001}) 11... Re8 12. O-O-O+ Nd6 13. Bc5 Bg4 14. Nf3 Kd7 15. Bc4 Re4 $36 {[%mdl 2048] Black is more active.} 16. Bd3 Rxf4 17. Be3 Bxf3 18. Bxf4 Bxd1 19. Rxd1 g6 20. h4 Ke6 21. Re1+ {[#]} Ne5 $1 22. c4 c5 23. g4 Re8 24. b3 Kf7 25. Bxe5 (25. Rd1 $17) 25... Rxe5 $19 ({But not} 25... fxe5 26. Kd2 $15) 26. Rxe5 $2 (26. Rd1) 26... fxe5 $17 {[%mdl 4096] Endgame KB-KN} 27. Kd2 e4 28. Be2 Kf6 29. Ke3 Ke5 {Black is clearly winning.} 30. a3 b6 {[%cal Bb7b6,Bb6c5][%mdl 32]} 31. b4 {[#]} (31. Bd1 $142 h5 32. gxh5 gxh5 33. Kd2) 31... h5 $1 $19 {[%mdl 512]} 32. bxc5 (32. gxh5 gxh5) 32... bxc5 33. gxh5 gxh5 34. Bxh5 Nf5+ 35. Kd2 Kd4 {Av CentiPawn Loss W=-44/B=-1. Weighted=-24/0} 0-1

[Event "7th Uppsala Young Champions"]
[Site "Uppsala"]
[Date "2020.10.25"]
[Round "4.18"]
[White "Ruzic, Pia Marie"]
[Black "Seo, Jung Hyun"]
[Result "0-1"]
[WhiteElo "1929"]
[BlackElo "1936"]
[Annotator "TA"]
[PlyCount "44"]
[EventDate "2020.10.23"]
[EventType "swiss"]
[EventCountry "SWE"]
[SourceTitle "playchess.com"]
[Source "ChessBase"]
[SourceQuality "1"]

{[%evp 9,44,5,6,0,13,5,55,55,55,62,61,54,48,60,56,50,52,52,40,-91,-86,-98,-85,-455,-464,-1190,-1175,-1081,-1055,-29994,-1356,-29991,-29992,-29994,-29995,-29995,-29996]} 1. c4 e6 2. Nf3 Nf6 3. g3 d5 4. Bg2 dxc4 5. Qa4+ Bd7 6. Qxc4 {A13: English Opening: 1...e6.} c5 7. Ne5 Nc6 8. Nxc6 {White is slightly better.} Bxc6 9. Bxc6+ bxc6 10. O-O Be7 11. d3 {[#]} h5 $146 ({Predecessor:} 11... Rb8 12. Nd2 Qd5 13. Qc2 h5 14. h4 g5 15. e4 Qd7 16. hxg5 Ng4 17. Nc4 Rg8 {1-0 (46) Tuncer,U (2311)-Ludwig,S (2028) Wuerttemberg 2017}) 12. Bg5 Rb8 13. b3 Rb4 14. Qc1 {[#]} (14. Qa6 $14 {was forced to keep a grip.}) 14... h4 $1 $36 {[%cal Rh4g3][%mdl 2560] White must now prevent ...hxg3. Black is in control.} 15. Nd2 (15. gxh4 Ng4) 15... hxg3 16. hxg3 $2 {[%mdl 8192] This costs White the game.} (16. fxg3 $17 Qd4+ 17. e3 Qxd3 18. Nf3) 16... Qd5 $19 {[%csl Gd5][%cal Rh8h1]} 17. Nf3 {[#]} (17. e4 $142 Qxg5 18. Kg2) 17... Qf5 $1 18. a3 {[#]} Qh3 $1 {[%csl Gh8][%cal Rh3h1][%mdl 512]} 19. Bh4 {[#]} Rg4 (19... Rhxh4 $142 $1 {[%mdl 512]} 20. Nxh4 Rxh4 21. gxh4 Bd6 22. Qf4 Bxf4 23. Rfe1 Qh2+ 24. Kf1 Qh1#) 20. Qe3 Nd5 {Black mates.} 21. Qe5 Bxh4 22. Nxh4 Rhxh4 {Av CentiPawn Loss W=-184/B=-64. Weighted=-151/-45} 0-1

[Event "7th Uppsala Young Champions"]
[Site "Uppsala"]
[Date "2020.10.25"]
[Round "4.19"]
[White "Grahn, Vidar"]
[Black "Skahlberg Bjerknes-Lima de Far, Warg"]
[Result "1/2-1/2"]
[WhiteElo "1864"]
[BlackElo "1759"]
[Annotator "NA RC"]
[PlyCount "145"]
[EventDate "2020.10.23"]
[EventType "swiss"]
[EventCountry "SWE"]
[SourceTitle "playchess.com"]
[Source "ChessBase"]
[SourceQuality "1"]
[TimeControl "5400+30"]

1. e4 {[%emt 0:00:00]} c5 {[%emt 0:00:00]} 2. Nf3 {[%emt 0:00:00]} g6 {[%emt 0:00:00]} 3. d4 {[%emt 0:00:00]} cxd4 {[%emt 0:00:00]} 4. Nxd4 {[%emt 0:01:15]} Nc6 {[%emt 0:00:00]} 5. Nc3 {[%emt 0:00:18]} Bg7 {[%emt 0:00:08]} 6. Be3 {[%emt 0:00:05]} Nf6 {[%emt 0:00:07]} 7. Bc4 {[%emt 0:00:07]} Qa5 {[%emt 0:02:18]} 8. O-O {[%emt 0:00:26]} O-O {[%emt 0:00:22]} 9. Bb3 {[%emt 0:00:21]} d6 {[%emt 0:03:40]} 10. f3 {[%emt 0:00:43]} Bd7 {[%emt 0:00:59]} 11. Qd2 {[%emt 0:01:55]} Rfc8 {[%emt 0:01:21]} 12. Rad1 {[%emt 0:04:25]} Ne5 {[%emt 0:09:11] B35: Sicilian: Accelerated Dragon with 5 Nc3: main line.} 13. Bh6 {[%emt 0:18:19] [#]} Qd8 $146 {[%emt 0:18:38]} ({Predecessor:} 13... Nc4 14. Bxc4 Bxh6 15. Qxh6 Rxc4 16. Nb3 Qb6+ 17. Kh1 a5 18. Rfe1 Bc6 19. Nd2 Rc5 20. Nb3 {½-½ (41) Gdanski,J (2530)-Vezzosi,P (2392) Cappelle-la-Grande 2002}) 14. Bxg7 {[%emt 0:00:57]} Kxg7 {[%emt 0:00:03]} 15. Qe2 {[%emt 0:01:43]} a6 {[%emt 0:07:56]} 16. Nd5 {[%emt 0:08:44]} Nxd5 {[%emt 0:05:23]} 17. Bxd5 {[%emt 0:00:42]} Rab8 {[%emt 0:03:52]} 18. h3 {[%emt 0:03:07]} Qb6 {[%emt 0:04:30]} 19. Kh1 {[%emt 0:06:58]} Qxb2 {[%emt 0:02:44]} 20. f4 {[%emt 0:02:40]} Nc6 {[%emt 0:00:51]} 21. Bxc6 {[%emt 0:01:47]} Bxc6 {[%emt 0:00:48]} 22. f5 {[%emt 0:00:59] [#]} Bb5 $1 {[%emt 0:04:05] Skewer} ({Don't play} 22... Qxa2 $6 23. e5 $15) 23. Nxb5 {[%emt 0:01:45]} Qxb5 {[%emt 0:02:09]} 24. Qf2 {[%emt 0:01:06]} Qc5 {[%emt 0:02:02]} (24... f6 $19 25. Rd5 Qe8) 25. Qf3 {[%emt 0:03:07]} f6 {[%emt 0:01:56]} 26. h4 {[%emt 0:05:15]} Qxc2 {[%emt 0:04:35]} 27. fxg6 {[%emt 0:04:24]} hxg6 {[%emt 0:02:08] [#]} (27... Rc4 $19 {has better winning chances.} 28. gxh7 Qxe4) 28. e5 $1 {[%emt 0:05:37]} Qf5 {[%emt 0:05:55]} (28... f5 $17 29. exd6 Rc4) 29. exf6+ {[%emt 0:01:05]} exf6 {[%emt 0:05:39]} 30. Qg3 {[%emt 0:03:00]} Qe5 {[%emt 0:01:04]} 31. Qf2 {[%emt 0:02:30]} Re8 {[%emt 0:03:20]} 32. Rde1 {[%emt 0:00:51]} Qc3 {[%emt 0:03:59]} 33. Rc1 {[%emt 0:01:25]} Qe5 {[%emt 0:00:03]} 34. Qa7 {[%emt 0:04:22]} Qe7 {[%emt 0:03:19]} 35. Qd4 {[%emt 0:01:07]} Rbc8 {[%emt 0:00:27]} 36. Rce1 {[%emt 0:01:16]} Qf7 {[%emt 0:01:20]} 37. Rb1 {[%emt 0:01:02]} (37. Rxe8 $17 Rxe8 38. Qxd6) 37... Rc4 {[%emt 0:01:12]} 38. Qf2 {[%emt 0:02:25]} b5 {[%emt 0:00:39]} 39. Rbd1 {[%emt 0:00:30]} Re6 {[%emt 0:00:44]} 40. g3 {[%emt 0:00:25]} Rce4 {[%emt 0:00:49]} 41. Qb6 {[%emt 0:01:12]} d5 {[%emt 0:00:28]} 42. Qd8 {[%emt 0:00:51]} d4 {[%emt 0:00:38]} 43. Rxd4 {[%emt 0:01:05]} Re2 {[%emt 0:00:19]} 44. Rd7 {[%emt 0:00:39]} Re7 {[%emt 0:00:29]} 45. Rfd1 {[%emt 0:00:28]} Kh6 {[%emt 0:01:38]} 46. Qh8+ {[%emt 0:00:52]} Qh7 {[%emt 0:00:08]} 47. Qxf6 {[%emt 0:01:30]} Qg7 {[%emt 0:00:53]} 48. Qg5+ {[%emt 0:06:55]} Kh7 {[%emt 0:00:02]} 49. Qg4 {[%emt 0:01:31]} Qf6 $2 {[%emt 0:01:01]} ({Don't go for} 49... Rxa2 $2 50. Rxe7 Qxe7 {[#]} 51. Rd7 $1 $18 {[%mdl 512]}) (49... R2e4 $11 50. Rxe7 Rxg4 51. Rxg7+ Kxg7 52. Rd7+ Kh6) 50. Rxe7+ $2 {[%emt 0:00:13]} (50. Qxe2 $1 $18 Qc6+ 51. Qg2 Qxd7 52. Rxd7 Rxd7 {[#]} 53. Qc6 $1 {[%mdl 512]}) 50... Rxe7 {[%emt 0:00:09]} (50... Qxe7 $2 {is the wrong capture.} 51. Rd7 $18) 51. h5 {[%emt 0:01:12]} gxh5 {[%emt 0:00:39]} 52. Qxh5+ {[%emt 0:00:08]} Kg7 {[%emt 0:00:21]} 53. Qg4+ {[%emt 0:00:39]} Qg6 {[%emt 0:00:36]} 54. Qxg6+ {[%emt 0:00:13]} Kxg6 {[%emt 0:00:01]} 55. Rd6+ {[%emt 0:00:09]} Kg5 {[%emt 0:00:10]} 56. Rxa6 {[%emt 0:00:32]} Re5 {[%emt 0:01:06]} 57. Kg2 {[%emt 0:00:26]} Kg4 {[%emt 0:00:37]} 58. Kf2 {[%emt 0:01:27]} Rf5+ {[%emt 0:00:18]} 59. Ke3 {[%emt 0:00:11]} Kxg3 {[%emt 0:01:05]} 60. Kd4 {[%emt 0:00:44]} Kf3 {[%emt 0:00:25]} 61. Kc3 {[%emt 0:01:01]} Ke4 {[%emt 0:00:31]} 62. Kb4 {[%emt 0:00:14]} Kd3 $11 {[%emt 0:00:36]} 63. Ra5 {[%emt 0:00:13]} Rf4+ {[%emt 0:00:24]} 64. Kxb5 {[%emt 0:00:11]} Rf5+ {[%emt 0:00:14]} 65. Kb6 {[%emt 0:00:17]} Rxa5 {[%emt 0:00:22]} 66. Kxa5 {[%emt 0:00:19]} Kc4 {[%emt 0:00:26]} 67. a4 {[%emt 0:00:11]} Kc5 {[%emt 0:00:11]} 68. Ka6 {[%emt 0:00:03]} Kc6 {[%emt 0:00:04]} 69. a5 {[%emt 0:00:11]} Kc7 {[%emt 0:00:14]} 70. Ka7 {[%emt 0:00:04]} Kc8 {[%emt 0:00:08]} 71. a6 {[%emt 0:00:05]} Kc7 {[%emt 0:00:07]} 72. Ka8 {[%emt 0:00:03]} Kc8 {[%emt 0:00:03]} 73. a7 {[%emt 0:00:03]} 1/2-1/2

[Event "7th Uppsala Young Champions"]
[Site "Uppsala"]
[Date "2020.10.25"]
[Round "4.20"]
[White "Buchert, Matthaus"]
[Black "Ostensson, Julia"]
[Result "0-1"]
[WhiteElo "1427"]
[BlackElo "1562"]
[Annotator "NA RC"]
[PlyCount "126"]
[EventDate "2020.10.23"]
[EventType "swiss"]
[EventCountry "SWE"]
[SourceTitle "playchess.com"]
[Source "ChessBase"]
[SourceQuality "1"]
[TimeControl "5400+30"]

1. e4 {[%emt 0:00:00]} c5 {[%emt 0:00:00]} 2. Nc3 {[%emt 0:00:00]} Nc6 {[%emt 0:00:00]} 3. f4 {[%emt 0:00:00]} g6 {[%emt 0:00:00]} 4. Nf3 {[%emt 0:00:01]} Bg7 {[%emt 0:00:06]} 5. Bb5 {[%emt 0:00:10]} Nd4 {[%emt 0:00:09]} 6. O-O {[%emt 0:00:19]} Nxb5 {[%emt 0:01:53]} 7. Nxb5 {[%emt 0:00:10]} a6 {[%emt 0:06:34]} 8. Nc3 {[%emt 0:00:26]} d6 {[%emt 0:00:55]} 9. d3 {[%emt 0:01:37]} Nf6 {[%emt 0:03:27]} 10. Qe1 {[%emt 0:04:05]} O-O {[%emt 0:01:04]} 11. Qh4 {[%emt 0:04:55]} b5 {[%emt 0:28:45]} 12. f5 {[%emt 0:17:37]} b4 {[%emt 0:28:02]} 13. Ne2 {[%emt 0:07:53]} Qd7 {[%emt 0:07:47]} 14. Bh6 {[%emt 0:16:46]} Bb7 {[%emt 0:06:07]} 15. Ng5 {[%emt 0:06:32]} e5 {[%emt 0:06:49]} 16. Bxg7 {[%emt 0:11:12]} Kxg7 {[%emt 0:00:14]} 17. fxg6 {[%emt 0:02:19]} hxg6 {[%emt 0:05:13]} 18. Rxf6 {[%emt 0:01:23]} Kxf6 {[%emt 0:00:18]} 19. Rf1+ {[%emt 0:02:52]} Ke7 {[%emt 0:00:11]} 20. Nh7+ {[%emt 0:00:41]} f6 {[%emt 0:01:20]} 21. Nxf8 {[%emt 0:16:16]} Rxf8 {[%emt 0:00:07]} 22. b3 {[%emt 0:00:52]} Qe6 {[%emt 0:00:30]} 23. Qh7+ {[%emt 0:02:02]} Qf7 {[%emt 0:00:09]} 24. Qxf7+ {[%emt 0:00:13]} Rxf7 {[%emt 0:00:04]} 25. g4 {[%emt 0:00:26]} d5 {[%emt 0:00:23]} 26. Ng3 {[%emt 0:00:54]} a5 {[%emt 0:02:07]} 27. h4 {[%emt 0:01:18]} dxe4 {[%emt 0:00:37]} 28. Nxe4 {[%emt 0:01:42]} Bxe4 {[%emt 0:00:06]} 29. dxe4 {[%emt 0:00:01]} Rh7 {[%emt 0:00:07]} 30. g5 {[%emt 0:00:54]} Rxh4 {[%emt 0:01:17]} 31. gxf6+ {[%emt 0:00:34]} Kf7 {[%emt 0:00:16]} 32. Re1 {[%emt 0:00:41]} Kxf6 {[%emt 0:00:22]} 33. Kg2 {[%emt 0:00:22]} Kg5 {[%emt 0:00:47]} 34. Kg3 {[%emt 0:00:12]} Rg4+ {[%emt 0:00:26]} 35. Kf3 {[%emt 0:00:23]} Rf4+ {[%emt 0:00:17]} 36. Kg3 {[%emt 0:00:15]} Kf6 {[%emt 0:00:46]} 37. Kg2 {[%emt 0:01:24]} g5 {[%emt 0:00:39]} 38. Kg3 {[%emt 0:00:16]} Ke6 {[%emt 0:00:28]} 39. Kg2 {[%emt 0:01:06]} Rg4+ {[%emt 0:00:28]} 40. Kf3 {[%emt 0:00:16]} Rf4+ {[%emt 0:00:32]} 41. Kg2 {[%emt 0:00:04]} Kf6 {[%emt 0:00:31]} 42. Kg3 {[%emt 0:01:09]} Kg6 {[%emt 0:00:29]} 43. Kg2 {[%emt 0:00:11]} g4 {[%emt 0:00:28]} 44. Re2 {[%emt 0:00:55]} Kg5 {[%emt 0:00:20]} 45. Re3 {[%emt 0:00:28]} Kh4 {[%emt 0:00:43]} 46. Re1 {[%emt 0:00:29]} Kg5 {[%emt 0:00:32]} 47. Re3 {[%emt 0:00:17]} Kh4 {[%emt 0:00:28]} 48. Re1 {[%emt 0:00:20]} g3 {[%emt 0:00:32]} 49. Re2 {[%emt 0:00:59]} Kg4 {[%emt 0:00:22]} 50. Rd2 {[%emt 0:00:31]} Rxe4 {[%emt 0:00:36]} 51. Rd5 {[%emt 0:00:29]} Re2+ {[%emt 0:00:17]} 52. Kf1 {[%emt 0:00:07]} Kf3 {[%emt 0:00:47]} 53. Rd3+ {[%emt 0:00:53]} Re3 {[%emt 0:00:10]} 54. Rd2 {[%emt 0:00:14]} e4 {[%emt 0:00:34]} 55. Rg2 {[%emt 0:00:17]} Re1+ {[%emt 0:00:28]} 56. Kxe1 {[%emt 0:00:16]} Kxg2 {[%emt 0:00:05]} 57. c4 {[%emt 0:00:40]} Kh2 {[%emt 0:00:13]} 58. a4 {[%emt 0:00:21]} g2 {[%emt 0:00:26]} 59. Kd1 {[%emt 0:00:31]} g1=Q+ {[%emt 0:00:08]} 60. Kc2 {[%emt 0:00:06]} Qf2+ {[%emt 0:00:16]} 61. Kb1 {[%emt 0:00:06]} e3 {[%emt 0:00:26]} 62. Ka1 {[%emt 0:00:05]} e2 {[%emt 0:00:04]} 63. Kb1 {[%emt 0:00:04]} e1=Q# {[%emt 0:00:05]} 0-1

[Event "7th Uppsala Young Champions"]
[Site "Uppsala"]
[Date "2020.10.26"]
[Round "5.1"]
[White "Pantzar, Milton"]
[Black "Storme, Isak"]
[Result "1-0"]
[WhiteElo "2410"]
[BlackElo "2393"]
[Annotator "TA"]
[PlyCount "103"]
[EventDate "2020.10.23"]
[EventType "swiss"]
[EventCountry "SWE"]
[SourceTitle "playchess.com"]
[Source "ChessBase"]
[SourceQuality "1"]

{[%evp 19,103,17,35,5,12,7,24,0,0,0,0,-13,0,-32,-39,-35,-39,-29,0,0,16,16,20,15,31,30,90,19,18,18,21,21,20,0,6,0,0,0,0,0,5,0,0,0,0,0,0,0,0,0,8,8,19,20,27,8,47,56,82,45,87,80,66,56,71,51,108,106,315,303,287,275,252,240,371,370,381,379,356,319,12839,12840,12849,12845,12845,12845]} 1. d4 Nf6 2. c4 g6 3. Nc3 d5 4. cxd5 Nxd5 5. e4 Nxc3 6. bxc3 Bg7 7. Bc4 c5 8. Ne2 Nc6 9. Be3 O-O 10. O-O b6 11. Rc1 {D87: Exchange Grünfeld: Classical Line: Variations without ...cxd4.} Bb7 12. Bb5 $1 {[%mdl 4] is more profitable than 12.Qd2 at the moment.} e6 {[#]} 13. Qd2 $146 {White has an edge.} ({Predecessor:} 13. dxc5 Qc7 14. Nd4 bxc5 15. Nb3 c4 16. Nc5 Ne5 17. Qe2 Rfc8 18. Rb1 Bc6 19. Ba6 {1-0 (52) Michalik,P (2511)-Petr,M (2526) Merlimont 2011}) 13... a6 14. Bxc6 Bxc6 15. f3 Qd7 16. Bh6 Bxh6 17. Qxh6 cxd4 18. Nxd4 Bb7 19. Rfd1 {[#] Black must now prevent Nf5.} Qa4 20. Nc2 Rad8 {Strongly threatening ...Rxd1+.} 21. Ne3 {And now Rxd8 would win.} Rxd1+ ({Not} 21... Qxa2 22. Ng4 f6 23. Nxf6+ Kf7 24. e5 Qxg2+ 25. Kxg2 Bxf3+ 26. Kxf3) 22. Rxd1 {e5 is the strong threat.} f5 ({Worse is} 22... Qxa2 23. Ng4 f5 {[#]} 24. Nf6+ $1 {[%mdl 512]} Kf7 25. e5 Qxg2+ 26. Kxg2 Bxf3+ 27. Kxf3 Re8 28. Qxh7+ Kf8 29. Nd7#) (22... Qc6 $1 $11 {remains equal.}) 23. exf5 (23. Rd6 $16 f4 24. Ng4) 23... exf5 $11 24. h4 f4 25. Rd4 Qe8 26. Nf1 Rf5 27. Rd6 b5 28. h5 Qf8 29. Qxf8+ Kxf8 30. hxg6 hxg6 31. Rxg6 {[%mdl 4096] Endgame KRB-KRN} Rc5 32. Rb6 Bd5 33. Rxa6 Rxc3 34. Rf6+ Kg7 35. Rxf4 Bxa2 36. Rb4 Rb3 37. Rd4 Rb1 {aiming for ...Bc4.} 38. Kf2 Be6 39. Nd2 Rb2 $1 40. Ke3 b4 41. g4 b3 42. Rb4 (42. Rd6 $5 {[%cal Rd6e6]} Kf6 43. Rb6 $16) 42... Rc2 (42... Ra2 $14) 43. Kd3 $16 ({Much worse is} 43. Nxb3 $6 Rc3+ 44. Kd4 Rxb3 $11) 43... Rc1 $2 {Black cannot hold the game after this.} (43... Rb2 $16 44. Rb5 Kf7 45. Rb7+ Kf8) 44. Nxb3 $18 Rb1 45. Kc2 Rf1 46. Nd2 Rg1 (46... Ra1 $142 47. Kd3 Kf7) 47. Kd3 Kg6 48. Ke3 Rg2 49. Rf4 Kg5 $2 (49... Rg1 50. Ra4 Rg2) 50. Ne4+ {White is clearly winning.} Kh4 51. g5+ Kh3 52. Rf6 {Av CentiPawn Loss W=-8/B=-41. Weighted=-10/-35} 1-0

[Event "7th Uppsala Young Champions"]
[Site "Uppsala"]
[Date "2020.10.26"]
[Round "5.2"]
[White "Sorensen, Hampus"]
[Black "Kusa, Jakub"]
[Result "1/2-1/2"]
[WhiteElo "2393"]
[BlackElo "2233"]
[Annotator "TA"]
[PlyCount "68"]
[EventDate "2020.10.23"]
[EventType "swiss"]
[EventCountry "SWE"]
[SourceTitle "playchess.com"]
[Source "ChessBase"]
[SourceQuality "1"]

{[%evp 13,68,14,2,4,17,8,32,23,27,22,89,86,98,75,104,64,46,20,29,17,56,81,75,44,157,141,154,97,108,0,66,47,115,130,131,123,111,119,127,-108,-29,-246,-186,-214,-208,-200,-212,-196,-105,-101,0,-177,0,-64,0,-188,0]} 1. d4 d5 2. c4 e6 3. Nf3 Nf6 4. Bg5 Nbd7 5. e3 Be7 6. Nc3 h6 7. Bf4 O-O 8. a3 {8.g4 is setting a new trend. D53: Queen's Gambit Declined: 4 Bg5 Be7: Early deviations.} c6 9. h3 dxc4 10. Bxc4 {[#] White is slightly better.} b5 $146 ({Predecessor:} 10... Nd5 11. Bh2 Nxc3 12. bxc3 c5 13. O-O cxd4 14. cxd4 Nf6 15. Ne5 Bd6 16. Bb3 Nd7 {1-0 (29) Lueders,G (2276)-Ivascu,C Berlin 2008}) 11. Bd3 Nd5 (11... Bb7 $11 {keeps the balance.}) 12. Nxd5 $16 cxd5 13. g4 b4 14. a4 a5 15. h4 Ba6 16. g5 Bxd3 17. Qxd3 h5 18. g6 f5 ({Black should try} 18... Qe8 $14) 19. Ne5 Nf6 20. Bg5 ({Better is} 20. Rc1) 20... Qc7 21. Bxf6 (21. Ke2 $16) 21... Bxf6 (21... gxf6 $11 22. Nf7 b3) 22. Qd1 $14 {Rc1 is the strong threat.} Bxe5 {[#]} (22... Rfc8 $14) 23. Rc1 $1 $16 {[%cal Rc1c7]} ({Inferior is} 23. dxe5 Qxe5 24. Qxh5 Rfc8 $17) ({Weaker is} 23. Qxh5 Rfc8 $17) 23... Qd6 24. Qxh5 {[%csl Gg6][%cal Rh5h7]} Rfd8 {Threatens to win with ...Bf6.} 25. dxe5 Qxe5 26. Qh7+ $2 (26. O-O $16) 26... Kf8 $11 27. Kf1 $2 (27. h5 $1 $11) 27... Ke7 $36 {[%mdl 2048] And now ...Rdc8 would win. Black has strong initiative.} 28. Qh5 Rac8 29. Qg5+ Kd7 30. Kg2 Qe4+ ({Black should play} 30... Qxb2 $19 31. Rxc8 Rxc8) 31. Kg3 $17 {[#]} Qe5+ (31... Rh8 $1 $17 32. Qf4 Qxf4+ 33. exf4 Ke7) 32. Kg2 $19 Qe4+ (32... Qxb2 $19 33. Rxc8 Rxc8) 33. Kg3 $1 $15 Qe5+ (33... b3 $15 34. Qf4 Rc2 35. Qxe4 dxe4 36. Rxc2 bxc2) 34. Kg2 $19 Qe4+ $2 {What a bad dream for Black. Av CentiPawn Loss W=-41/B=-28. Weighted=-44/-28} (34... Qxb2 $19 35. Rxc8 Rxc8) 1/2-1/2